Statystyki dla Kraje najbliższe Luksemburgowi (z mapą)

Kliknij tutaj aby rozwiązać quiz!

Ogólne statystyki

  • Ten quiz został rozwiązany 720 razy
  • Średni wynik to 14 z 20

Odpowiedzi na mapie

Odpowiedzi skodowane kolorowo w zielono-czerwonej skali na mapie do tego quizu, zgodnie z poniższymi procentami.
 

Statystyki odpowiedzi

kraj% Poprawnych
Francja
98%
Niemcy
97%
Belgia
96%
Niderlandy
94%
Szwajcaria
91%
Włochy
88%
Polska
87%
Austria
85%
Czechy
83%
Zjednoczone
Królestwo
73%
Liechtenstein
72%
Dania
71%
Hiszpania
63%
Słowacja
53%
Monako
51%
San Marino
45%
Słowenia
45%
Węgry
36%
Szwecja
32%
Chorwacja
27%

Rozkład punktacji

Percentyl według liczby udzielonych odpowiedzi

Procent ludzi z każdym wynikiem

Twoja historia wyników

Nie rozwiązałeś tego quizu